00409nam a2200157Ia 45000010006000000050017000060080041000230410008000640820016000721000038000882450072001262600009001983000028002076500008002356540008002432095120260306172843.0260306t2010||||xx |||||||||||||| ||spa|| aESP a343.8JbM44 aMesinas Montero, Federico G.eAUT 0aJurisprudencia tributaria y de consumo de carácter constitucional c2010 a175 páginas :c24 cm. aGEN aCCO